| 000 | 02828nam0a2200445 4500 | ||
|---|---|---|---|
| 001 | RU\NLR\BIBL_A\022685558 | ||
| 005 | 20260408235602.0 | ||
| 035 | _a(NLR Aleph) 022685558 | ||
| 090 |
_a13505264 _c13505264 |
||
| 100 | _a20251211d2024 k y0rusy50 ca | ||
| 101 | 0 |
_arus _aeng |
|
| 102 | _aRU | ||
| 105 | _aach b 110yy | ||
| 181 | 0 |
_ab3 _bxb2e |
|
| 181 | 0 |
_ai2 _baxxe |
|
| 182 | 0 | _an | |
| 200 | 1 |
_aНаше всё _eживопись, графика, скульптура, фотоюзинг _e[каталог выставки], 15 июня 2024 - 13 июля 2024 _eвыставка посвящена 30-летию СПАСИ _fНовый музей Аслана Чехоева, Санкт-Петербургская академия современного искусства бессмертных |
|
| 203 |
_aИзображение _aТекст _bвизуальные _cнепосредственные |
||
| 210 |
_aСанкт-Петербург _cЗнакъ _d2024 |
||
| 215 |
_a67, 60 с. встреч. паг _cил., портр., факс. _d29 |
||
| 300 | _aНа обл. даты проведения 1-й выставки: 11 июня - 11 июля 2024 | ||
| 300 | _aЧасть текста парал. на рус. и англ. яз. | ||
| 309 | _aКнига-перевертыш | ||
| 333 | _a18+ | ||
| 500 |
_8rus _aИлиада _7ca _3RU\NLR\AUTH\5510024 _92632025 |
||
| 601 | 0 | 2 |
_aНовый музей _cСанкт-Петербург, город _xВыставки _z2024 _3RU\NLR\AUTH\6601757492 _92670517 |
| 601 | 0 | 2 |
_aСанкт-Петербургская академия современного искусства _xВыставки _z2024 _3RU\NLR\AUTH\6601764094 _92690839 |
| 686 | 1 | _aЩ101.3(2Р)-2Санкт-Петербург2Новый музей л62 | |
| 686 | 1 | _aЩ103(2Р=Рус)7-29Санкт-Петербургская академия современного искусства л62 | |
| 702 | 0 |
_4070 _8rus _7ca _aГомер _3RU\NLR\AUTH\7710030 _9119815 |
|
| 702 | 1 |
_4220 _8rus _7ca _aВолосенков _bФ. В. _f1944-2025 _gФеликс Васильевич _3RU\NLR\AUTH\7745196 _928135 |
|
| 702 | 1 |
_4280 _8rus _7ca _aПушкин _bА. С. _cпоэт _f1799-1837 _gАлександр Сергеевич _3RU\NLR\AUTH\77386 _9110441 |
|
| 711 | 0 | 2 |
_aСанкт-Петербургская академия современного искусства бессмертных _3RU\NLR\AUTH\889964002 _9424243 |
| 711 | 1 | 2 |
_a"Наше всё", выставка _f2024 _eСанкт-Петербург _3RU\NLR\AUTH\880636445 _92690093 |
| 712 | 0 | 2 |
_4557 _aНовый музей _cСанкт-Петербург _3RU\NLR\AUTH\8810185301 _9866199 |
| 942 | _cBOOK | ||
| 980 | _aNB | ||